Disposal of surplus government land (Record no. 112850)

MARC details
000 -LEADER
fixed length control field 01121cad a22002415a 4500
001 - CONTROL NUMBER
control field E154117
008 - FIXED-LENGTH DATA ELEMENTS--GENERAL INFORMATION
fixed length control field 111017s2011 xxk f 000 0 eng d
020 ## - INTERNATIONAL STANDARD BOOK NUMBER
International Standard Book Number 9781780454382
022 1# - INTERNATIONAL STANDARD SERIAL NUMBER
International Standard Serial Number 0141-514X
035 ## - SYSTEM CONTROL NUMBER
System control number (Sirsi) u154117
041 0# - LANGUAGE CODE
Language code of text/sound track or separate title eng
110 2# - MAIN ENTRY--CORPORATE NAME
Corporate name or jurisdiction name as entry element Scotland
Subordinate unit Scottish Government
9 (RLIN) 5344
245 00 - TITLE STATEMENT
Title Disposal of surplus government land
Remainder of title the Crichel Down rules
Medium [electronic resource]
260 ## - PUBLICATION, DISTRIBUTION, ETC.
Place of publication, distribution, etc. Edinburgh
Name of publisher, distributor, etc. Scottish Government
Date of publication, distribution, etc. 2011
490 #0 - SERIES STATEMENT
Series statement Planning Circular
Volume/sequential designation (5/2011)
520 ## - SUMMARY, ETC.
Summary, etc. Describes the revised non-statutory arrangements known as the "Crichel Down Rules" which govern the way in which surplus Government land acquired by or under a threat of compulsion is offered back to former owners and their successors. Supersedes Circular 38/1992.
590 ## - LOCAL NOTE (RLIN)
Local note KA NTK
650 24 - SUBJECT ADDED ENTRY--TOPICAL TERM
Topical term or geographic name entry element CRICHEL DOWN RULES
651 #4 - SUBJECT ADDED ENTRY--GEOGRAPHIC NAME
Geographic name Scotland
Chronological subdivision 1999-
690 ## - LOCAL SUBJECT ADDED ENTRY--TOPICAL TERM (OCLC, RLIN)
Topical term or geographic name as entry element ENVIRONMENTAL AND LAND CONSULTANCY-PLANNING AND DEVELOPMENT-COMPULSORY PURCHASE AND COMPENSATION
856 40 - ELECTRONIC LOCATION AND ACCESS
Uniform Resource Identifier <a href="https://www.scotland.gov.uk/Publications/2011/10/12142906/0">https://www.scotland.gov.uk/Publications/2011/10/12142906/0</a>
Public note View the circular free of charge at www.scotland.gov.uk
942 ## - ADDED ENTRY ELEMENTS (KOHA)
Suppress in OPAC 0
Holdings
Withdrawn status Lost status Source of classification or shelving scheme Damaged status Not for loan Home library Current library Shelving location Date acquired Total Checkouts Full call number Barcode Date last seen Copy number Price effective from Koha item type
    Dewey Decimal Classification     Virtual Virtual Online 17/10/2011   ONLINE PUBLICATION 154117-1001 06/08/2019 1 06/08/2019 Book